"THE WORLD BOOK ENCYCLOPEDIA H "" - 9""" (Record no. 467060)

MARC details
000 -LEADER
fixed length control field 00429nam a2200145Ia 4500
008 - FIXED-LENGTH DATA ELEMENTS--GENERAL INFORMATION
fixed length control field 100204s9999 xx 000 0 und d
082 ## - DEWEY DECIMAL CLASSIFICATION NUMBER
Item number 21948
100 ## - MAIN ENTRY--PERSONAL NAME
Personal name ED. ROBERT O ZELENY
245 ## - TITLE STATEMENT
Title "THE WORLD BOOK ENCYCLOPEDIA H "" - 9"""
260 ## - PUBLICATION, DISTRIBUTION, ETC. (IMPRINT)
Name of publisher, distributor, etc "WWORLD BOOK INC, CHICAGO"
Date of publication, distribution, etc 1988
300 ## - PHYSICAL DESCRIPTION
Extent 466
630 ## - SUBJECT ADDED ENTRY--UNIFORM TITLE
Uniform title "THE WORLD BOOK ENCYCLOPEDIA H "" - 9"""
730 ## - ADDED ENTRY--UNIFORM TITLE
Uniform title "THE WORLD BOOK ENCYCLOPEDIA H "" - 9"""
942 ## - ADDED ENTRY ELEMENTS (KOHA)
Koha item type Book
Holdings
Withdrawn status Lost status Damaged status Not for loan Home library Current library Date acquired Cost, normal purchase price Total Checkouts Full call number Barcode Date last seen Cost, replacement price Price effective from Koha item type
        N. C. Kelkar Sarvajanik Library, Mulund N. C. Kelkar Sarvajanik Library, Mulund 02/04/2010 0.00   21948 NCKMULUND-21948 02/04/2010 0.00 02/04/2010 Book